Paesi nominati nella pagina Wikipedia dell'India - Statistics

Statistiche generali
  • Questo quiz è stato fatto 25 volte
  • Il punteggio medio è 16 su 19
Statistiche sulle risposte
Volte in cui viene nominato Indizio (basato sul motivo per cui lo stato è nominato nella pagina Wikipedia) Paese % Corretto
1 Paese confinante Bhutan
100%
4 Paese confinante Cina
100%
1 Paese insulare poco lontano dalle coste indiane Maldive
100%
1 Paese confinante Nepal
100%
10 Paese confinante Pakistan
100%
1 Paese che stabilì avamposti coloniali in India Portogallo
100%
5 Paese dal quale l'India ha ottenuto l'indipendenza Regno Unito
100%
3 Paese insulare poco lontano dalle coste indiane Sri Lanka
100%
3 Paese confinante Bangladesh
95%
2 Nel 1971, l'India ottenne il terzo posto ai mondiali di hockey su prato tenutisi in questo paese Spagna
95%
3 Paese col quale l'India ha migliorato le relazioni dopo aver firmato il trattato di non proliferazione nucleare Stati Uniti
95%
1 Paese confinante Myanmar
84%
3 Paese che stabilì avamposti coloniali in India Francia
79%
2 Paese che stabilì avamposti coloniali in India Paesi Bassi
79%
1 Paese che ha promesso all'India di stabilire un sistema sanitario bilaterale Germania
74%
2 L'India ha perso la finale del campionato mondiale di cricket del 2003 contro questo paese Australia
58%
2 Il mondiale di cricket del 2003, in cui l'India ha ottenuto l'argento, si svolse in questo paese Sudafrica
53%
1 Nel 1975, l'India ha vinto i mondiali di hockey su prato tenutisi in questo paese Malesia
42%
1 Paese che stabilì avamposti coloniali in India Danimarca
37%
Nessun quiz corrispondente trovato
Distribuzione punteggi
Percentuale di utenti per punteggio
Percentile per numero di risposta
I tuoi punteggi nel tempo
Non hai fatto questo quiz